[Event "Junior-DM"]
[Site "Aarhus"]
[Date "1993.??.??"]
[Round "8"]
[White "Aagaard, Jacob"]
[Black "Hetey, Laszlo"]
[Result "1-0"]
[WhiteElo "2205"]
[BlackElo "2255"]
[PlyCount "71"]
[EventDate "1993.??.??"]
[EventType "swiss"]
[EventRounds "9"]
[EventCountry "DEN"]
[SourceTitle "EXT 1999"]
[Source "ChessBase"]
[SourceDate "1998.11.10"]

1. e4 c5 2. Nf3 Nc6 3. d4 cxd4 4. Nxd4 Nf6 5. Nc3 e5 6. Ndb5 d6 7. Bg5 a6 8.
Na3 b5 9. Nd5 Be7 10. Bxf6 Bxf6 11. c3 O-O 12. Nc2 Bg5 13. Be2 Rb8 14. O-O a5
15. Qd3 g6 16. Rad1 f5 17. Nde3 Ne7 18. Qxd6 Qxd6 19. Rxd6 fxe4 20. Rfd1 Kg7
21. b3 h5 22. c4 b4 23. c5 Nf5 24. Nxf5+ Bxf5 25. Ne3 Bc8 26. c6 Ra8 27. Nd5
Ra7 28. Nb6 e3 29. Nxc8 exf2+ 30. Kf1 Rxc8 31. Rd7+ Rxd7 32. Rxd7+ Kf6 33. Bc4
e4 34. c7 e3 35. Rf7+ Ke5 36. Ba6 1-0

[Event "Junior-DM"]
[Site "Aarhus"]
[Date "1993.??.??"]
[Round "1"]
[White "Aagaard, Jacob"]
[Black "Loebler, Heimo"]
[Result "0-1"]
[WhiteElo "2275"]
[BlackElo "2350"]
[PlyCount "42"]
[EventDate "1993.??.??"]
[EventType "swiss"]
[EventRounds "9"]
[EventCountry "DEN"]
[SourceTitle "EXT 1999"]
[Source "ChessBase"]
[SourceDate "1998.11.10"]

1. e4 c5 2. Nf3 Nc6 3. d4 cxd4 4. Nxd4 Nf6 5. Nc3 e5 6. Ndb5 d6 7. Bg5 a6 8.
Na3 b5 9. Bxf6 gxf6 10. Nd5 f5 11. exf5 Bxf5 12. c3 Bg7 13. Nc2 Ne7 14. Nce3
Be6 15. Nxe7 Qxe7 16. g4 d5 17. Nxd5 Qb7 18. Bg2 O-O-O 19. c4 bxc4 20. Ne7+
Qxe7 21. Qa4 e4 0-1

[Event "Junior-DM"]
[Site "Aarhus"]
[Date "1993.??.??"]
[Round "3"]
[White "Aagaard, Jacob"]
[Black "Trabolt, Lars"]
[Result "1-0"]
[WhiteElo "2205"]
[BlackElo "2040"]
[PlyCount "61"]
[EventDate "1993.??.??"]
[EventType "swiss"]
[EventRounds "9"]
[EventCountry "DEN"]
[SourceTitle "EXT 1999"]
[Source "ChessBase"]
[SourceDate "1998.11.10"]

1. e4 e6 2. d4 d5 3. Nc3 Bb4 4. e5 c5 5. a3 Ba5 6. dxc5 Bxc3+ 7. bxc3 Qc7 8.
Nf3 Ne7 9. Bd3 Nd7 10. O-O Nxe5 11. Nxe5 Qxe5 12. Rb1 O-O 13. Re1 Qc7 14. Be3
e5 15. f3 Bd7 16. Bf2 Bc6 17. Qe2 f6 18. c4 Kh8 19. cxd5 Nxd5 20. Qe4 g6 21.
Qc4 Rad8 22. Rbd1 Qa5 23. Be4 Bb5 24. Qb3 Ba4 25. Qxb7 Rd7 26. Qb2 Rfd8 27. c4
Ne3 28. Rxd7 Rxd7 29. c6 Nxc4 30. Qb8+ Qd8 31. c7 1-0

[Event "Junior-DM"]
[Site "Aarhus"]
[Date "1993.??.??"]
[Round "8"]
[White "Aarland, Stein Arild"]
[Black "Lindfeldt, Jan Magnus"]
[Result "0-1"]
[WhiteElo "2225"]
[BlackElo "2110"]
[PlyCount "68"]
[EventDate "1993.??.??"]
[EventType "swiss"]
[EventRounds "9"]
[EventCountry "DEN"]
[SourceTitle "EXT 1999"]
[Source "ChessBase"]
[SourceDate "1998.11.10"]

1. c4 g6 2. g3 Bg7 3. Bg2 Nf6 4. Nc3 O-O 5. e4 e5 6. Nge2 Nc6 7. O-O d6 8. d3
Nd7 9. f4 Nd4 10. f5 c6 11. g4 Qh4 12. h3 Bh6 13. Nxd4 exd4 14. Ne2 Bxc1 15.
Rxc1 Qh6 16. Rf3 Ne5 17. Rg3 c5 18. Qc2 g5 19. Bf3 Bd7 20. Kg2 b5 21. b3 Rfb8
22. Ng1 bxc4 23. bxc4 Rb4 24. Rb1 Ba4 25. Qc1 Nxd3 26. Qf1 Nf4+ 27. Kh2 Rab8
28. Rxb4 Rxb4 29. Bg2 d3 30. a3 Rb2 31. Nf3 Rxg2+ 32. Rxg2 Qxh3+ 33. Kg1 Bd1
34. Rf2 Ne2+ 0-1

[Event "Junior-DM"]
[Site "Aarhus"]
[Date "1993.??.??"]
[Round "2"]
[White "Aarland, Stein Arild"]
[Black "Jaracz, Pawel"]
[Result "1-0"]
[WhiteElo "2225"]
[BlackElo "2340"]
[PlyCount "135"]
[EventDate "1993.??.??"]
[EventType "swiss"]
[EventRounds "9"]
[EventCountry "DEN"]
[SourceTitle "EXT 1999"]
[Source "ChessBase"]
[SourceDate "1998.11.10"]

1. d4 Nf6 2. c4 g6 3. Nc3 Bg7 4. e4 d6 5. f4 O-O 6. Nf3 Na6 7. Be2 e5 8. dxe5
dxe5 9. Nxe5 Nc5 10. Bf3 Qxd1+ 11. Kxd1 c6 12. Be3 Ncd7 13. Nxd7 Bxd7 14. Kc2
Ng4 15. Bc5 Rfe8 16. h3 Nf6 17. g4 Be6 18. b3 g5 19. f5 Bc8 20. Be3 h6 21. Rad1
Nd7 22. h4 Ne5 23. Be2 f6 24. Bd4 b6 25. a4 Bf8 26. hxg5 hxg5 27. a5 Nd7 28.
Bf3 Ne5 29. Be2 Nd7 30. Rh5 Bb7 31. c5 b5 32. b4 Rad8 33. Bf3 Ne5 34. Bxe5 Rxd1
35. Bxd1 Rxe5 36. Rh2 Bc8 37. Rd2 Kf7 38. Rd8 Re8 39. Rxe8 Kxe8 40. Kd3 Bd7 41.
Ne2 Be7 42. Nd4 Kd8 43. Bb3 Be8 44. Nf3 Bd7 45. Kd4 Bf8 46. e5 Bg7 47. Ke4 Ke7
48. Ba2 Kd8 49. Be6 Be8 50. Nxg5 Ke7 51. Nf3 Kd8 52. exf6 Bxf6 53. Ne5 Bg5 54.
Nd3 Ke7 55. Ke5 Bh4 56. Nf4 Bf6+ 57. Ke4 Bh4 58. Ng2 Bf6 59. Ne3 Bc3 60. Nc2
Kf6 61. Kd3 Be5 62. Ne1 Bf4 63. Nf3 Bc1 64. g5+ Bxg5 65. Nxg5 Kxg5 66. Ke4 Kf6
67. Kf4 Ke7 68. Ke5 1-0

[Event "Junior-DM"]
[Site "Aarhus"]
[Date "1993.??.??"]
[Round "4"]
[White "Aarland, Stein Arild"]
[Black "Plomp, Gordon"]
[Result "0-1"]
[WhiteElo "2225"]
[BlackElo "2200"]
[PlyCount "141"]
[EventDate "1993.??.??"]
[EventType "swiss"]
[EventRounds "9"]
[EventCountry "DEN"]
[SourceTitle "EXT 1999"]
[Source "ChessBase"]
[SourceDate "1998.11.10"]

1. d4 Nf6 2. c4 c5 3. d5 e6 4. Nc3 exd5 5. cxd5 d6 6. e4 g6 7. f4 Bg7 8. Bb5+
Nfd7 9. a4 O-O 10. Nf3 Nf6 11. O-O a6 12. Bc4 Bg4 13. h3 Bxf3 14. Qxf3 Nbd7 15.
Be3 Qa5 16. Bd2 Qc7 17. Rae1 Rae8 18. Re2 Nb6 19. Ba2 Nfd7 20. Be1 c4 21. a5
Qc5+ 22. Bf2 Qxa5 23. Rfe1 Na4 24. Nxa4 Qxa4 25. Bb1 Qb4 26. Qg4 Nc5 27. Bg3
Nd3 28. Rf1 Nxb2 29. e5 Nd3 30. e6 fxe6 31. dxe6 Qc5+ 32. Kh1 Rf5 33. Qf3 Qc8
34. e7 Bf6 35. Bxd3 cxd3 36. Qxd3 Rxe7 37. Rfe1 Rxe2 38. Rxe2 d5 39. Rc2 Qd7
40. Rc5 Be7 41. Rc1 Bd6 42. Qd4 g5 43. Qd1 Bxf4 44. Bxf4 Rxf4 45. Qh5 Qe7 46.
Qh6 Rc4 47. Rf1 Rc6 48. Qh5 b5 49. Qd1 Rd6 50. Re1 Qf7 51. Qc1 h6 52. Qc8+ Kg7
53. Rc1 Qe6 54. Rc7+ Kg6 55. Qh8 Rd7 56. Rc8 Re7 57. Rc1 b4 58. Qb8 Qe4 59.
Qg8+ Kh5 60. Qf8 Qe6 61. Qf3+ Kg6 62. Qd3+ Qe4 63. Qxa6+ Kg7 64. Qa1+ Kh7 65.
Qa2 Qd3 66. Rb1 Rb7 67. Rb3 Qf1+ 68. Kh2 Qf4+ 69. Kh1 Rc7 70. Rb1 Qe4 71. Qb3
0-1

[Event "Junior-DM"]
[Site "Aarhus"]
[Date "1993.??.??"]
[Round "9"]
[White "Aarland, Stein Arild"]
[Black "Lauridsen, Jesper Morch"]
[Result "1-0"]
[WhiteElo "2225"]
[BlackElo "2180"]
[PlyCount "65"]
[EventDate "1993.??.??"]
[EventType "swiss"]
[EventRounds "9"]
[EventCountry "DEN"]
[SourceTitle "EXT 1999"]
[Source "ChessBase"]
[SourceDate "1998.11.10"]

1. d4 d6 2. c4 g6 3. e4 Bg7 4. Nc3 e5 5. d5 f5 6. exf5 gxf5 7. Qh5+ Kf8 8. Nh3
Nf6 9. Qh4 Qe7 10. Bh6 Rg8 11. O-O-O Na6 12. f4 e4 13. Ng5 Bd7 14. Nb5 Bxh6 15.
Qxh6+ Rg7 16. Nd4 Kg8 17. Be2 c6 18. Nge6 Rg6 19. Nxf5 Qe8 20. Qh4 cxd5 21.
Ned4 Bxf5 22. Nxf5 Nb4 23. a3 Nd3+ 24. Bxd3 exd3 25. Rhe1 Qa4 26. Rxd3 dxc4 27.
Rg3 Re8 28. Rxe8+ Qxe8 29. Re3 Qd7 30. Ne7+ Kf7 31. Nxg6 hxg6 32. Qh3 Qb5 33.
Qe6+ 1-0

[Event "Junior-DM"]
[Site "Aarhus"]
[Date "1993.??.??"]
[Round "6"]
[White "Aarland, Stein Arild"]
[Black "Hansen, Kasper"]
[Result "1-0"]
[WhiteElo "2225"]
[BlackElo "2155"]
[PlyCount "59"]
[EventDate "1993.??.??"]
[EventType "swiss"]
[EventRounds "9"]
[EventCountry "DEN"]
[SourceTitle "EXT 1999"]
[Source "ChessBase"]
[SourceDate "1998.11.10"]

1. d4 Nf6 2. c4 d6 3. Nc3 Nbd7 4. e4 e5 5. d5 Be7 6. Nge2 Nf8 7. Ng3 Ng6 8. Nf5
Bxf5 9. exf5 Nh4 10. g4 Nd7 11. Ne4 g6 12. Bh3 Nf6 13. Ng3 gxf5 14. gxf5 Rg8
15. Be3 c6 16. dxc6 bxc6 17. Qa4 Qc7 18. O-O-O Nd7 19. Ne4 d5 20. f6 Nxf6 21.
Nxf6+ Bxf6 22. cxd5 Rg6 23. Rhg1 Bd8 24. Bc5 f5 25. Rxg6 hxg6 26. dxc6 Rc8 27.
Rd6 Bg5+ 28. Kb1 Rd8 29. Bf1 Rxd6 30. Bxd6 1-0

[Event "Junior-DM"]
[Site "Aarhus"]
[Date "1993.??.??"]
[Round "8"]
[White "Andersen, Jackie"]
[Black "Sergejev, Roman"]
[Result "1/2-1/2"]
[WhiteElo "2150"]
[BlackElo "2250"]
[PlyCount "84"]
[EventDate "1993.??.??"]
[EventType "swiss"]
[EventRounds "9"]
[EventCountry "DEN"]
[SourceTitle "EXT 1999"]
[Source "ChessBase"]
[SourceDate "1998.11.10"]

1. g4 d5 2. Bg2 c6 3. h3 e5 4. c4 h5 5. gxh5 dxc4 6. b3 Be6 7. bxc4 Bxc4 8. Bb2
Nd7 9. d3 Be6 10. Nf3 Rxh5 11. Nbd2 Ngf6 12. Nc4 Qc7 13. Qc1 g6 14. a4 Nd5 15.
Ng5 Bf5 16. Bf3 Rh4 17. Ne4 Bb4+ 18. Kf1 O-O-O 19. Ba3 Bxa3 20. Qxa3 Kb8 21. a5
Rxh3 22. Rb1 Rxh1+ 23. Bxh1 Bxe4 24. dxe4 Nf4 25. Nd6 Nc5 26. Nxb7 Nxb7 27. a6
Ka8 28. e3 Nd6 29. exf4 Nb5 30. Qc5 Qd7 31. fxe5 Qh3+ 32. Kg1 Qe6 33. Bf3 Nd4
34. Bg2 Qg4 35. Qb4 Nb5 36. e6 fxe6 37. e5 Rd1+ 38. Rxd1 Qxd1+ 39. Kh2 Qh5+ 40.
Kg1 Qd1+ 41. Kh2 Qh5+ 42. Kg1 Qd1+ 1/2-1/2

[Event "Junior-DM"]
[Site "Aarhus"]
[Date "1993.??.??"]
[Round "2"]
[White "Andersen, Jackie"]
[Black "Pedersen, Nicolai Vesterbaek"]
[Result "1/2-1/2"]
[WhiteElo "2150"]
[BlackElo "2175"]
[PlyCount "34"]
[EventDate "1993.??.??"]
[EventType "swiss"]
[EventRounds "9"]
[EventCountry "DEN"]
[SourceTitle "EXT 1999"]
[Source "ChessBase"]
[SourceDate "1998.11.10"]

1. d4 d5 2. c4 e6 3. Nc3 Nf6 4. cxd5 exd5 5. Bg5 c6 6. e3 Qb6 7. Bxf6 Qxb2 8.
Qc1 Ba3 9. Nxd5 Qxc1+ 10. Rxc1 gxf6 11. Rc3 Bd6 12. a3 f5 13. Nb4 Nd7 14. Ne2
Nf6 15. Nf4 a5 16. Nc2 Bxf4 17. exf4 Ne4 1/2-1/2

[Event "Junior-DM"]
[Site "Aarhus"]
[Date "1993.??.??"]
[Round "6"]
[White "Andersen, Jackie"]
[Black "Jaracz, Pawel"]
[Result "1/2-1/2"]
[WhiteElo "2150"]
[BlackElo "2340"]
[PlyCount "120"]
[EventDate "1993.??.??"]
[EventType "swiss"]
[EventRounds "9"]
[EventCountry "DEN"]
[SourceTitle "EXT 1999"]
[Source "ChessBase"]
[SourceDate "1998.11.10"]

1. d4 Nf6 2. Nf3 g6 3. c4 Bg7 4. Nc3 O-O 5. Bg5 d6 6. e3 Nbd7 7. Be2 h6 8. Bh4
g5 9. Bg3 Nh5 10. Qc2 e6 11. d5 e5 12. Nd2 Nxg3 13. hxg3 f5 14. g4 Nc5 15. gxf5
Bxf5 16. e4 Bd7 17. b4 Na6 18. Qb3 g4 19. Nd1 Qg5 20. c5 h5 21. Nf1 Rf4 22. c6
Bc8 23. f3 Kf8 24. g3 Rf7 25. fxg4 bxc6 26. dxc6 Rb8 27. a3 Nc5 28. Qe3 Qxe3
29. Ndxe3 Nxe4 30. gxh5 Bh6 31. Bc4 Rg7 32. Bd5 Nf6 33. Rc1 a5 34. Rh4 Bg5 35.
h6 Rh7 36. Rhc4 Rxh6 37. bxa5 Ra8 38. Rb4 Ke7 39. Rb7 Kd8 40. Rcb1 Rxa5 41. Bg2
Rxa3 42. Nd5 Nxd5 43. Bxd5 e4 44. Rb8 Ra5 45. Bc4 Bf6 46. Be2 Rg6 47. R1b5 Ra1+
48. Kd2 Ra2+ 49. Ke1 Be5 50. Rb4 Ra1+ 51. Kd2 d5 52. R4b5 Rxc6 53. Bg4 Rxf1 54.
Rxd5+ Bd6 55. Rxc8+ Ke7 56. Rd4 e3+ 57. Kxe3 Rfc1 58. Rd3 R6c2 59. Bf5 Rg2 60.
g4 Re1+ 1/2-1/2

[Event "Junior-DM"]
[Site "Aarhus"]
[Date "1993.??.??"]
[Round "4"]
[White "Andersen, Jackie"]
[Black "Berzinsh, Roland"]
[Result "0-1"]
[WhiteElo "2150"]
[BlackElo "2395"]
[PlyCount "73"]
[EventDate "1993.??.??"]
[EventType "swiss"]
[EventRounds "9"]
[EventCountry "DEN"]
[SourceTitle "EXT 1999"]
[Source "ChessBase"]
[SourceDate "1998.11.10"]

1. Nf3 Nf6 2. d4 e6 3. c4 b6 4. g3 Ba6 5. b3 Bb4+ 6. Bd2 Be7 7. Nc3 c6 8. Bg2
d5 9. cxd5 cxd5 10. Qb1 Nc6 11. O-O O-O 12. a4 Bb4 13. Ra2 Rc8 14. Rc1 Qe7 15.
Nb5 Ne4 16. Rac2 Nxd2 17. Nxd2 Bb7 18. e4 a6 19. exd5 exd5 20. Bh3 Rce8 21. Na7
Nxa7 22. Rc7 Qf6 23. Rxb7 Bxd2 24. Rd1 Re2 25. Qf5 Qxf5 26. Bxf5 Nc6 27. Bd3
Re1+ 28. Rxe1 Bxe1 29. Rxb6 Nxd4 30. Bxa6 Nc2 31. Rd6 Rb8 32. Bb5 Nd4 33. Bd3
Ne6 34. Rxd5 Rxb3 35. Kf1 Bc3 36. a5 Bd4 37. Bc4 0-1

[Event "Junior-DM"]
[Site "Aarhus"]
[Date "1993.??.??"]
[Round "7"]
[White "Berzinsh, Roland"]
[Black "Pedersen, Nicolai Vesterbaek"]
[Result "1-0"]
[WhiteElo "2395"]
[BlackElo "2175"]
[PlyCount "81"]
[EventDate "1993.??.??"]
[EventType "swiss"]
[EventRounds "9"]
[EventCountry "DEN"]
[SourceTitle "EXT 1999"]
[Source "ChessBase"]
[SourceDate "1998.11.10"]

1. e4 e5 2. Nf3 Nc6 3. Bb5 a6 4. Ba4 Nf6 5. O-O Be7 6. Re1 b5 7. Bb3 O-O 8. h3
Bb7 9. d3 h6 10. Nc3 d6 11. a3 Na5 12. Ba2 c5 13. Ne2 Qc7 14. Ng3 Nh7 15. Nf5
Bf6 16. Nh2 Bc8 17. Qf3 Nc6 18. c3 Ne7 19. Nxe7+ Qxe7 20. Ng4 Bg5 21. Ne3 Be6
22. Nd5 Bxd5 23. Bxd5 Bxc1 24. Raxc1 Rac8 25. Qe2 Nf6 26. Ba2 Rfd8 27. Rcd1 Qc7
28. f4 Re8 29. Qf3 Qa5 30. Ra1 Qb6 31. Qf2 Re7 32. Rf1 exf4 33. Qxf4 c4+ 34.
Kh2 cxd3 35. Rad1 Rxe4 36. Bxf7+ Kf8 37. Qf3 Re3 38. Qf5 Qc5 39. Bd5 Re5 40.
Qxd3 Rce8 41. b4 1-0

[Event "Junior-DM"]
[Site "Aarhus"]
[Date "1993.??.??"]
[Round "3"]
[White "Berzinsh, Roland"]
[Black "Pedersen, Daniel Vesterbaek"]
[Result "1-0"]
[WhiteElo "2395"]
[BlackElo "2225"]
[PlyCount "67"]
[EventDate "1993.??.??"]
[EventType "swiss"]
[EventRounds "9"]
[EventCountry "DEN"]
[SourceTitle "EXT 1999"]
[Source "ChessBase"]
[SourceDate "1998.11.10"]

1. e4 e5 2. Nf3 Nc6 3. Bb5 a6 4. Ba4 Nf6 5. O-O Be7 6. Re1 b5 7. Bb3 O-O 8. h3
h6 9. d4 exd4 10. e5 Nh7 11. Bd5 Rb8 12. Bxc6 dxc6 13. Nxd4 Qd7 14. Be3 c5 15.
Nb3 Qc6 16. Nc3 Rd8 17. Qh5 b4 18. Ne2 Ng5 19. Nf4 Kh7 20. h4 g6 21. Qe2 Ne6
22. h5 Nxf4 23. Bxf4 Rg8 24. Na5 Qe6 25. Rad1 gxh5 26. Qxh5 Rb5 27. Nc4 Bg5 28.
Bxg5 Rxg5 29. Qe2 Rb8 30. f4 Rg3 31. Rd3 Rg7 32. Qe4+ Qf5 33. Rd8 Rb5 34. Rxc8
1-0

[Event "Junior-DM"]
[Site "Aarhus"]
[Date "1993.??.??"]
[Round "1"]
[White "Berzinsh, Roland"]
[Black "Trabolt, Lars"]
[Result "1-0"]
[WhiteElo "2395"]
[BlackElo "2040"]
[PlyCount "25"]
[EventDate "1993.??.??"]
[EventType "swiss"]
[EventRounds "9"]
[EventCountry "DEN"]
[SourceTitle "EXT 1999"]
[Source "ChessBase"]
[SourceDate "1998.11.10"]

1. e4 e6 2. d4 d5 3. Nc3 Bb4 4. e5 Nh6 5. a3 Be7 6. Bxh6 gxh6 7. Qh5 c5 8. dxc5
Bxc5 9. Nf3 Bxf2+ 10. Kxf2 Qb6+ 11. Ke1 Qxb2 12. Kd2 Qb6 13. Nb5 1-0

[Event "Junior-DM"]
[Site "Aarhus"]
[Date "1993.??.??"]
[Round "6"]
[White "Berzinsh, Roland"]
[Black "Plomp, Gordon"]
[Result "0-1"]
[WhiteElo "2395"]
[BlackElo "2200"]
[PlyCount "58"]
[EventDate "1993.??.??"]
[EventType "swiss"]
[EventRounds "9"]
[EventCountry "DEN"]
[SourceTitle "EXT 1999"]
[Source "ChessBase"]
[SourceDate "1998.11.10"]

1. e4 c5 2. Nf3 Nc6 3. d4 cxd4 4. Nxd4 Nf6 5. Nc3 e5 6. Ndb5 d6 7. a4 Be6 8.
Bg5 Nb4 9. Bxf6 gxf6 10. Na3 Rc8 11. Bb5+ Ke7 12. O-O a6 13. Be2 d5 14. exd5
Nxd5 15. Ne4 f5 16. Ng3 Nf4 17. Qe1 Qd5 18. Bf3 e4 19. Rd1 Qc5 20. Bxe4 fxe4
21. Qxe4 Bh6 22. b4 Qc6 23. Nf5+ Kf6 24. Qxc6 Rxc6 25. Nxh6 Kg6 26. Nxf7 Kxf7
27. c4 Rg8 28. g3 Ne2+ 29. Kg2 Bh3+ 0-1

[Event "Junior-DM"]
[Site "Aarhus"]
[Date "1993.??.??"]
[Round "4"]
[White "Borbjerggaard, Lars"]
[Black "Hetey, Laszlo"]
[Result "0-1"]
[WhiteElo "2215"]
[BlackElo "2255"]
[PlyCount "42"]
[EventDate "1993.??.??"]
[EventType "swiss"]
[EventRounds "9"]
[EventCountry "DEN"]
[SourceTitle "EXT 1999"]
[Source "ChessBase"]
[SourceDate "1998.11.10"]

1. d4 f5 2. Nc3 d5 3. Bg5 g6 4. h4 Bg7 5. Qd2 c6 6. f3 h6 7. Bf4 Nf6 8. Nh3
Nbd7 9. e4 dxe4 10. fxe4 fxe4 11. O-O-O Nb6 12. Be5 Bf5 13. Nf4 h5 14. Qe1 O-O
15. g4 Nxg4 16. Bh3 Nxe5 17. Bxf5 Rxf5 18. dxe5 Qe8 19. Qxe4 Bh6 20. Nce2 Qf7
21. Rhf1 Nd5 0-1

[Event "Junior-DM"]
[Site "Aarhus"]
[Date "1993.??.??"]
[Round "7"]
[White "Borbjerggaard, Lars"]
[Black "Trabolt, Lars"]
[Result "1/2-1/2"]
[WhiteElo "2215"]
[BlackElo "2040"]
[PlyCount "53"]
[EventDate "1993.??.??"]
[EventType "swiss"]
[EventRounds "9"]
[EventCountry "DEN"]
[SourceTitle "EXT 1999"]
[Source "ChessBase"]
[SourceDate "1998.11.10"]

1. d4 f5 2. Nc3 Nf6 3. Bg5 g6 4. f3 Bg7 5. e4 fxe4 6. fxe4 d5 7. e5 Ne4 8. Nxe4
dxe4 9. Bc4 c5 10. c3 Nc6 11. Ne2 Rf8 12. h3 a6 13. a4 Qb6 14. Qb3 Qc7 15. Bd5
cxd4 16. cxd4 Nxd4 17. Nxd4 Qxe5 18. Bxb7 Bxb7 19. Qxb7 Qg3+ 20. Kd1 Qd3+ 21.
Kc1 Rf1+ 22. Rxf1 Qxf1+ 23. Kc2 Qd3+ 24. Kc1 Qf1+ 25. Kd2 Qxg2+ 26. Kd1 Qf1+
27. Kc2 1/2-1/2

[Event "Junior-DM"]
[Site "Aarhus"]
[Date "1993.??.??"]
[Round "2"]
[White "Borbjerggaard, Lars"]
[Black "Carlsson, Daniel"]
[Result "1/2-1/2"]
[WhiteElo "2215"]
[BlackElo "2080"]
[PlyCount "45"]
[EventDate "1993.??.??"]
[EventType "swiss"]
[EventRounds "9"]
[EventCountry "DEN"]
[SourceTitle "EXT 1999"]
[Source "ChessBase"]
[SourceDate "1998.11.10"]

1. d4 Nf6 2. c4 g6 3. Nc3 Bg7 4. e4 d6 5. f4 O-O 6. Nf3 c5 7. Be2 cxd4 8. Nxd4
Na6 9. Be3 Nc5 10. Bf3 a5 11. O-O Be6 12. Qe2 Qc8 13. Nxe6 fxe6 14. e5 dxe5 15.
fxe5 Nfd7 16. Bd4 Rf5 17. Bg4 Bxe5 18. Bxe5 Rxe5 19. Qf3 Qf8 20. Qg3 Qg7 21.
Rad1 Rf8 22. Rxf8+ Nxf8 23. h4 1/2-1/2

[Event "Junior-DM"]
[Site "Aarhus"]
[Date "1993.??.??"]
[Round "5"]
[White "Borbjerggaard, Lars"]
[Black "Andersen, Jackie"]
[Result "1/2-1/2"]
[WhiteElo "2215"]
[BlackElo "2150"]
[PlyCount "80"]
[EventDate "1993.??.??"]
[EventType "swiss"]
[EventRounds "9"]
[EventCountry "DEN"]
[SourceTitle "EXT 1999"]
[Source "ChessBase"]
[SourceDate "1998.11.10"]

1. d4 g6 2. c4 Bg7 3. Nc3 d6 4. g3 Nd7 5. Bg2 e5 6. Nf3 Ngf6 7. O-O O-O 8. Qc2
c6 9. Rd1 Qe7 10. b3 Re8 11. Ba3 e4 12. Ng5 e3 13. f3 c5 14. Bb2 a6 15. Nge4
Nxe4 16. Nxe4 Nf6 17. dxc5 Nxe4 18. Bxg7 Kxg7 19. Qxe4 Qxe4 20. fxe4 dxc5 21.
Rd3 b5 22. cxb5 axb5 23. Rxe3 Re5 24. Kf2 Ra3 25. Rc3 Be6 26. Rac1 Rxa2 27.
Rxc5 Rxc5 28. Rxc5 Bxb3 29. Rxb5 Bc4 30. Rc5 Bxe2 31. h3 Kf6 32. Bf3 Bc4+ 33.
Ke3 Ra3+ 34. Kf2 Be6 35. h4 h6 36. Rb5 g5 37. hxg5+ hxg5 38. g4 Rb3 39. e5+ Ke7
40. Rxb3 Bxb3 1/2-1/2

[Event "Junior-DM"]
[Site "Aarhus"]
[Date "1993.??.??"]
[Round "6"]
[White "Carlsson, Daniel"]
[Black "Aagaard, Jacob"]
[Result "0-1"]
[WhiteElo "2080"]
[BlackElo "2205"]
[PlyCount "80"]
[EventDate "1993.??.??"]
[EventType "swiss"]
[EventRounds "9"]
[EventCountry "DEN"]
[SourceTitle "EXT 1999"]
[Source "ChessBase"]
[SourceDate "1998.11.10"]

1. e4 e5 2. Nf3 Nc6 3. Bb5 a6 4. Bxc6 dxc6 5. O-O Qd6 6. d4 exd4 7. Qxd4 Bg4 8.
Nbd2 Qxd4 9. Nxd4 O-O-O 10. N4b3 f6 11. Re1 Be6 12. Nf3 Bb4 13. c3 Bd6 14. Be3
Ne7 15. Rad1 Rhe8 16. Nfd4 Bf7 17. f3 b6 18. Nc1 c5 19. Nde2 Nc6 20. Bf4 Ne5
21. b3 Kb7 22. Bxe5 Bxe5 23. Nd3 Bd6 24. c4 Rd7 25. Rd2 Red8 26. Red1 b5 27.
Kf1 Kc8 28. cxb5 axb5 29. Ndf4 c4 30. Nd5 Bb4 31. Rd4 Bc5 32. bxc4 Bxd4 33.
Nxd4 bxc4 34. Nc6 Bxd5 35. Nxd8 Ba8 36. Rxd7 Kxd7 37. Nf7 Ke8 38. Nh8 Kf8 39.
Kf2 Kg8 40. Ke3 Kxh8 0-1

[Event "Junior-DM"]
[Site "Aarhus"]
[Date "1993.??.??"]
[Round "1"]
[White "Carlsson, Daniel"]
[Black "Pedersen, Daniel Vesterbaek"]
[Result "1/2-1/2"]
[WhiteElo "2080"]
[BlackElo "2225"]
[PlyCount "109"]
[EventDate "1993.??.??"]
[EventType "swiss"]
[EventRounds "9"]
[EventCountry "DEN"]
[SourceTitle "EXT 1999"]
[Source "ChessBase"]
[SourceDate "1998.11.10"]

1. e4 e5 2. Nf3 Nc6 3. Bb5 a6 4. Ba4 Nf6 5. O-O Be7 6. Re1 b5 7. Bb3 O-O 8. c3
d5 9. exd5 Nxd5 10. Nxe5 Nxe5 11. Rxe5 c6 12. d4 Bd6 13. Re1 Qh4 14. g3 Qh3 15.
Re4 g5 16. Qf3 Bf5 17. Bc2 Nf4 18. Bxf4 gxf4 19. Nd2 Kh8 20. Bb3 Rg8 21. Rxf4
Bxf4 22. Qxf4 Qh5 23. Re1 Rge8 24. Re5 Rxe5 25. Qxe5+ Kg8 26. Ne4 Qg6 27. Nf6+
Kf8 28. Qc5+ Kg7 29. Qxc6 Rd8 30. Ne8+ Kf8 31. Qxg6 fxg6 32. Nc7 Rd6 33. f3 Rc6
34. Nd5 a5 35. a4 b4 36. c4 Re6 37. Kf2 g5 38. Ne3 Bd3 39. d5 Re5 40. c5 Ke7
41. Bd1 Kd7 42. b3 Re8 43. Be2 Bxe2 44. Kxe2 Rc8 45. c6+ Kd6 46. Kd3 Kc5 47.
Nc4 h6 48. f4 gxf4 49. gxf4 h5 50. h4 Rc7 51. d6 Rxc6 52. d7 Rc7 53. d8=Q Rd7+
54. Ke4 Rxd8 55. Nxa5 1/2-1/2

[Event "Junior-DM"]
[Site "Aarhus"]
[Date "1993.??.??"]
[Round "3"]
[White "Carlsson, Daniel"]
[Black "Hellsten, Johan"]
[Result "1/2-1/2"]
[WhiteElo "2080"]
[BlackElo "2315"]
[PlyCount "53"]
[EventDate "1993.??.??"]
[EventType "swiss"]
[EventRounds "9"]
[EventCountry "DEN"]
[SourceTitle "EXT 1999"]
[Source "ChessBase"]
[SourceDate "1998.11.10"]

1. e4 c6 2. d4 d5 3. exd5 cxd5 4. c4 Nf6 5. Nc3 e6 6. Nf3 Bb4 7. Be3 O-O 8. a3
Bxc3+ 9. bxc3 dxc4 10. Bxc4 Qc7 11. Qd3 b6 12. O-O Bb7 13. Nd2 Ng4 14. f4 Qc6
15. Rf3 Nd7 16. Rg3 Ndf6 17. Bb3 Rac8 18. Rc1 Qd6 19. a4 Qa3 20. Rb1 Rfd8 21.
f5 e5 22. h3 Nxe3 23. Qxe3 exd4 24. Rxg7+ Kh8 25. Qg5 Qd6 26. Nc4 Qf8 27. Ne5
1/2-1/2

[Event "Junior-DM"]
[Site "Aarhus"]
[Date "1993.??.??"]
[Round "8"]
[White "Carlsson, Daniel"]
[Black "Jaracz, Pawel"]
[Result "0-1"]
[WhiteElo "2080"]
[BlackElo "2340"]
[PlyCount "100"]
[EventDate "1993.??.??"]
[EventType "swiss"]
[EventRounds "9"]
[EventCountry "DEN"]
[SourceTitle "EXT 1999"]
[Source "ChessBase"]
[SourceDate "1998.11.10"]

1. d4 Nf6 2. c4 e6 3. Nc3 Bb4 4. Qc2 O-O 5. a3 Bxc3+ 6. Qxc3 b6 7. f3 Nh5 8.
Nh3 f5 9. Bg5 Qe8 10. e3 Bb7 11. Bd3 d6 12. Rg1 Nd7 13. O-O-O e5 14. d5 Nc5 15.
Bc2 a5 16. Rdf1 Bc8 17. Qe1 h6 18. g4 fxg4 19. fxg4 hxg5 20. Nxg5 Nf6 21. Qh4
e4 22. Rxf6 Rxf6 23. Qh7+ Kf8 24. Bxe4 Nxe4 25. Nxe4 Rf7 26. Kb1 Qe5 27. h4 g6
28. Qxg6 Rg7 29. Qf6+ Qxf6 30. Nxf6 Ke7 31. g5 Ba6 32. Rg4 Rh8 33. Kc2 Rg6 34.
Re4+ Kd8 35. Kc3 Rxf6 36. gxf6 Rh6 37. Rf4 Ke8 38. f7+ Kf8 39. b4 axb4+ 40.
axb4 Rh7 41. Kd4 Rxf7 42. Rxf7+ Kxf7 43. e4 Kf6 44. Ke3 Bc8 45. h5 Bg4 46. h6
Kg6 47. c5 Kxh6 48. e5 Kg6 49. Ke4 Kg5 50. e6 Kf6 0-1